000 00832nam a22002177a 4500
008 240702b mp ||||| |||| 00| 0 mon d
035 _a7919
040 _aSU1322070
_bmon
_cMN-UlNLM
_dMN-UlNLM
_erda
041 _amon
042 _a24819
084 _2NNA
_a85
_bК-795
100 _aКремнев Б.
245 0 _aВольфганг Амадей Моцарт
264 _aУлаанбаатар
_bМон судар
_c1999
300 _a251х.
336 _2rdacontent
_atext
_btxt
337 _2rdamedia
_aunmediated
_bn
338 _2rdacarrier
_avolume
_bnc
650 _aГарчиг : Эх орон, Гэр бүл, Моцарт төрсөн нь, Бага залуу нас, Венад, Европоор аялсан тоглов, Анхны дууриуд, Италид, Дахин гэртээ...
942 _2NNA
_cBK
999 _c1066082
_d1066139